[Event "Roncana op-A 13th"]
[Site "Santa Eulalia de Roncana"]
[Date "2019.11.16"]
[Round "7"]
[White "Sans Piera, Marti"]
[Black "Valero Soler, Jaume"]
[Result "0-1"]
[WhiteElo "1653"]
[BlackElo "1780"]
[PlyCount "94"]
[EventDate "2019.09.28"]
[EventType "swiss"]
[EventRounds "8"]
[EventCountry "ESP"]
[SourceTitle "CBM 193 Extra"]
[Source "ChessBase"]
[SourceDate "2020.01.31"]
[SourceVersion "1"]
[SourceVersionDate "2020.01.31"]
[SourceQuality "1"]

1. e4 e6 2. d4 d5 3. Nd2 Nf6 4. e5 Ne4 5. Bd3 Nxd2 6. Bxd2 c5 7. c3 Nc6 8. Nf3 Qb6 9. Qb3 cxd4 10. Qxb6 axb6 11. cxd4 Bb4 12. Bc3 Be7 13. 0-0 Bd7 14. a3 Na7 15. b4 Bb5 16. Rfd1 Bxd3 17. Rxd3 Kd7 18. Ne1 Nb5 19. Bb2 Rhc8 20. f4 Rc4 21. Kf2 Rac8 22. Ke2 Bh4 23. g3 Be7 24. Kd2 g5 25. Rc1 gxf4 26. gxf4 Bf8 27. Nc2 Bh6 28. Rf3 Rg8 29. Rcf1 Rgc8 30. Ne3 Nxd4 31. Nxc4 Nxf3+ 32. Rxf3 Rxc4 33. Ke3 Re4+ 34. Kd3 Bxf4 35. Bd4 b5 36. Rf2 Ke8 37. Rc2 Bxe5 38. Bxe5 Rxe5 39. Rc7 f5 40. Kd4 Re4+ 41. Kd3 Rh4 42. Rxb7 Rxh2 43. Kd4 h5 44. Ke5 Re2+ 45. Kf6 f4 46. Re7+ Kd8 47. Rf7 f3 0-1

[Event "Roncana op-A 13th"]
[Site "Santa Eulalia de Roncana"]
[Date "2019.10.26"]
[Round "5"]
[White "Valero Soler, Jaume"]
[Black "Cordomi Fons, Francesco"]
[Result "0-1"]
[WhiteElo "1780"]
[BlackElo "1929"]
[PlyCount "84"]
[EventDate "2019.09.28"]
[EventType "swiss"]
[EventRounds "8"]
[EventCountry "ESP"]
[SourceTitle "CBM 193 Extra"]
[Source "ChessBase"]
[SourceDate "2020.01.31"]
[SourceVersion "1"]
[SourceVersionDate "2020.01.31"]
[SourceQuality "1"]

1. d4 d5 2. Nc3 Nf6 3. Bg5 c6 4. e3 Bf5 5. Bxf6 exf6 6. Bd3 Bxd3 7. Qxd3 Bd6 8. Nf3 0-0 9. h4 Qd7 10. 0-0-0 Na6 11. h5 Nb4 12. Qe2 a5 13. g4 h6 14. Nh4 Rfe8 15. Qf3 b5 16. Nf5 Bc7 17. a3 Na6 18. Qh3 Qe6 19. Ne2 c5 20. dxc5 Nxc5 21. Ned4 Qb6 22. g5 fxg5 23. f4 Ne4 24. Qg2 b4 25. a4 Qf6 26. fxg5 Qxg5 27. Qf3 Qf6 28. Rhg1 Ng5 29. Qxd5 Rad8 30. Qc4 Be5 31. Rdf1 Bxd4 32. Nxd4 Qe7 33. Nf5 Qd7 34. Qb3 Re5 35. Rd1 Qc7 36. Rxd8+ Qxd8 37. Rf1 Qd7 38. Nd4 Qh3 39. Re1 Qg3 40. Re2 Qg1+ 41. Kd2 Ne4+ 42. Kd3 Qd1+ 0-1

[Event "Roncana op-A 13th"]
[Site "Santa Eulalia de Roncana"]
[Date "2019.10.12"]
[Round "3"]
[White "Valero Soler, Jaume"]
[Black "Lambert Pont, Michael"]
[Result "1-0"]
[WhiteElo "1780"]
[BlackElo "1575"]
[PlyCount "115"]
[EventDate "2019.09.28"]
[EventType "swiss"]
[EventRounds "8"]
[EventCountry "ESP"]
[SourceTitle "CBM 193 Extra"]
[Source "ChessBase"]
[SourceDate "2020.01.31"]
[SourceVersion "1"]
[SourceVersionDate "2020.01.31"]
[SourceQuality "1"]

1. Nf3 Nf6 2. c4 c5 3. g3 Nc6 4. Bg2 e5 5. Nc3 d6 6. 0-0 Be6 7. b3 g6 8. e3 Bg7 9. d4 cxd4 10. exd4 exd4 11. Nxd4 Nxd4 12. Qxd4 0-0 13. Bg5 h6 14. Bxf6 Bxf6 15. Qd2 Rc8 16. Rac1 Bg5 17. f4 Qb6+ 18. Qf2 Qxf2+ 19. Rxf2 Bf6 20. Rd2 Rfd8 21. Ne4 Be7 22. Rcd1 Bg4 23. Rf1 Rc7 24. Nf2 Be6 25. Rfd1 Rcd7 26. h3 a6 27. Ng4 Bxg4 28. hxg4 Rc7 29. Bd5 b5 30. Rh2 Bf8 31. Re2 Re7 32. Rxe7 Bxe7 33. cxb5 axb5 34. Rc1 Rd7 35. Rc8+ Rd8 36. Rc7 Kf8 37. Rb7 Rc8 38. b4 Rc1+ 39. Kh2 Rc2+ 40. Kh3 g5 41. f5 Rd2 42. Rxb5 Bf6 43. Bb3 Be5 44. Rd5 Rf2 45. Rd3 Ke7 46. b5 Bb2 47. b6 Kd7 48. Bxf7 Kc6 49. Rb3 Kb7 50. Bd5+ Kb8 51. a4 Rd2 52. Bg2 Be5 53. Bf3 Bd4 54. Bg2 Be5 55. Re3 Ra2 56. f6 Rf2 57. a5 Kc8 58. a6 1-0

[Event "Roncana op 11th"]
[Site "Santa Eulalia de Roncana"]
[Date "2017.11.18"]
[Round "8"]
[White "Valero Soler, Jaume"]
[Black "Pares Peris, Jordi"]
[Result "0-1"]
[WhiteElo "1805"]
[BlackElo "2128"]
[PlyCount "136"]
[EventDate "2017.09.23"]
[EventType "swiss"]
[EventRounds "8"]
[EventCountry "ESP"]
[SourceTitle "EXT 2022"]
[Source "ChessBase"]
[SourceDate "2021.10.06"]
[SourceVersion "1"]
[SourceVersionDate "2021.10.06"]
[SourceQuality "1"]

1. e4 d6 2. d4 Nf6 3. Nc3 g6 4. Nf3 Bg7 5. g3 0-0 6. Bg2 c6 7. 0-0 b5 8. a3 Bg4 9. Be3 Nbd7 10. Qd2 Nb6 11. b3 Qc7 12. Ne1 Rad8 13. f3 Bc8 14. Rd1 e5 15. d5 Bb7 16. Nd3 cxd5 17. Nxb5 Qb8 18. exd5 Nfxd5 19. c4 Nxe3 20. Qxe3 d5 21. c5 d4 22. Qe1 Nd5 23. Rc1 Ba6 24. a4 Bxb5 25. axb5 Qxb5 26. Nxe5 Rfe8 27. f4 f6 28. Bxd5+ Rxd5 29. Qe4 Qxb3 30. Rf3 f5 31. Rxb3 fxe4 32. c6 d3 33. c7 d2 34. Rd1 Bxe5 35. fxe5 Rc5 36. Rb8 Kf7 37. Rb7 Rc8 38. Rxd2 R8xc7 39. Rxc7+ Rxc7 40. Rd4 Ke6 41. Rxe4 Rc5 42. Kf2 a5 43. Ra4 Kxe5 44. Ke3 Kd5 45. g4 Kc6 46. Kd4 Rg5 47. h3 Kb5 48. Ra1 a4 49. Rb1+ Ka5 50. Kc4 h5 51. gxh5 Rxh5 52. Rg1 Rh4+ 53. Kc5 Rxh3 54. Rxg6 a3 55. Rg8 Rc3+ 56. Kd4 Rc7 57. Rg3 Kb4 58. Rg2 Rd7+ 59. Ke5 Kc3 60. Rg8 Rd2 61. Rc8+ Kb2 62. Rb8+ Kc1 63. Rc8+ Kb1 64. Rb8+ Rb2 65. Rh8 a2 66. Rh1+ Kc2 67. Kd4 Rb1 68. Rh2+ Kb3 0-1

[Event "Roncana op 11th"]
[Site "Santa Eulalia de Roncana"]
[Date "2017.10.28"]
[Round "5"]
[White "Valero Soler, Jaume"]
[Black "Garcia Gil, Oriol"]
[Result "1-0"]
[WhiteElo "1805"]
[BlackElo "1578"]
[PlyCount "117"]
[EventDate "2017.09.23"]
[EventType "swiss"]
[EventRounds "8"]
[EventCountry "ESP"]
[SourceTitle "CBM 187 Extra"]
[Source "ChessBase"]
[SourceDate "2018.11.04"]
[SourceVersion "1"]
[SourceVersionDate "2018.11.04"]
[SourceQuality "1"]

1. Nf3 g6 2. c4 Bg7 3. g3 Nf6 4. Nc3 0-0 5. Bg2 d6 6. d4 Nbd7 7. 0-0 c5 8. d5 a6 9. a4 Nb6 10. Qd3 Qc7 11. e4 Nbd7 12. Bg5 h6 13. Bf4 Nh5 14. Be3 Ne5 15. Nxe5 dxe5 16. Qd2 Kh7 17. a5 Nf6 18. Na4 Nd7 19. b4 cxb4 20. Qxb4 Re8 21. c5 e6 22. Nb6 Nxb6 23. axb6 Qd8 24. d6 Bd7 25. Bf3 Bc6 26. Bd1 Rc8 27. Ba4 Qd7 28. Bb3 Bb5 29. Rfc1 Bc6 30. Rc2 Kg8 31. Ba4 Red8 32. Bb3 Kh7 33. f3 Kg8 34. Qd2 Kh7 35. h4 Re8 36. g4 Red8 37. Kf2 Re8 38. Bc4 Red8 39. Rca2 Ra8 40. Bb3 Rac8 41. Ba4 Re8 42. Kg3 Red8 43. Bd1 Re8 44. Be2 Ra8 45. h5 g5 46. Bc4 Red8 47. Qe2 Qc8 48. Qb2 Qd7 49. Bd2 f6 50. Qb3 Re8 51. Rb1 Kg8 52. Rba1 Qc8 53. Ra3 Bd7 54. Be3 Kh8 55. Bxa6 Rxa6 56. Rxa6 bxa6 57. b7 Qb8 58. Rxa6 Kh7 59. Ra8 1-0

[Event "Roncana op 11th"]
[Site "Santa Eulalia de Roncana"]
[Date "2017.09.30"]
[Round "2"]
[White "Ortega Serra, Marc"]
[Black "Valero Soler, Jaume"]
[Result "1-0"]
[WhiteElo "2237"]
[BlackElo "1805"]
[PlyCount "81"]
[EventDate "2017.09.23"]
[EventType "swiss"]
[EventRounds "8"]
[EventCountry "ESP"]
[SourceTitle "CBM 187 Extra"]
[Source "ChessBase"]
[SourceDate "2018.11.04"]
[SourceVersion "1"]
[SourceVersionDate "2018.11.04"]
[SourceQuality "1"]

1. e4 c6 2. c4 d5 3. cxd5 cxd5 4. exd5 Nf6 5. Qa4+ Bd7 6. Qb3 Qb6 7. Nc3 Na6 8. Nf3 Qxb3 9. axb3 Nc7 10. Ne5 Nfxd5 11. Bc4 e6 12. 0-0 Bd6 13. d4 Bxe5 14. dxe5 Nb6 15. Be3 Nxc4 16. bxc4 Na6 17. b4 Nxb4 18. Ne4 0-0 19. Bc5 Rfc8 20. Bxb4 Rxc4 21. Nc5 Rxb4 22. Nxd7 a5 23. Rfb1 Rxb1+ 24. Rxb1 Ra7 25. Nc5 a4 26. Nxb7 a3 27. Nd6 g5 28. Ra1 Ra5 29. Nc4 Rc5 30. Nxa3 Rxe5 31. Nc4 Re2 32. Kf1 Rc2 33. Ne3 Rc5 34. Ra4 f5 35. Ra7 h5 36. Ke2 f4 37. Nf1 e5 38. Nd2 g4 39. Ne4 Rc6 40. Re7 h4 41. Rxe5 1-0

[Event "Vall del Tenes op 6th"]
[Site "Santa Eulalia de Roncana"]
[Date "2017.05.19"]
[Round "5"]
[White "Vicente Soriano, Josep"]
[Black "Valero Soler, Jaume"]
[Result "1-0"]
[WhiteElo "1698"]
[BlackElo "1821"]
[PlyCount "41"]
[EventDate "2017.04.21"]
[EventType "swiss"]
[EventRounds "8"]
[EventCountry "ESP"]
[SourceTitle "CBM 189 Extra"]
[Source "ChessBase"]
[SourceDate "2019.06.03"]
[SourceVersion "1"]
[SourceVersionDate "2019.06.03"]
[SourceQuality "1"]

1. e4 e6 2. d4 d5 3. exd5 exd5 4. Nf3 Bd6 5. Nc3 c6 6. Bd3 Bg4 7. h3 Bh5 8. g4 Bg6 9. Ne5 Bxd3 10. Nxd3 Nd7 11. Qe2+ Ne7 12. Be3 Qc7 13. 0-0-0 0-0-0 14. Qf3 f6 15. Bf4 Ng6 16. Bxd6 Qxd6 17. h4 Ngf8 18. Qf4 Kc7 19. Rhe1 Ne6 20. Rxe6 Qxf4+ 21. Nxf4 1-0

[Event "Vall del Tenes op 5th"]
[Site "Vall del Tenes"]
[Date "2016.04.15"]
[Round "2"]
[White "Puigdueta Xalabarder, Antoni"]
[Black "Valero Soler, Jaume"]
[Result "0-1"]
[WhiteElo "1830"]
[BlackElo "1783"]
[PlyCount "57"]
[EventDate "2016.04.08"]
[EventType "swiss"]
[EventRounds "8"]
[EventCountry "ESP"]
[SourceTitle "CBM 172 Extra"]
[Source "ChessBase"]
[SourceDate "2016.06.21"]
[SourceVersion "1"]
[SourceVersionDate "2016.06.21"]
[SourceQuality "1"]

1. e4 e6 2. d4 d5 3. exd5 exd5 4. c4 Bb4+ 5. Bd2 Qe7+ 6. Qe2 Nc6 7. Qxe7+ Ngxe7 8. cxd5 Nxd4 9. Bxb4 Nc2+ 10. Kd2 Nxb4 11. Bb5+ Bd7 12. Bc4 Nbxd5 13. Nf3 0-0-0 14. Nc3 Nb6 15. Bb3 Bh3+ 16. Ke2 Bxg2 17. Rhg1 Bxf3+ 18. Kxf3 g6 19. Kg2 Ned5 20. Nxd5 Nxd5 21. Rgd1 c6 22. Rac1 Nf4+ 23. Kf1 Rxd1+ 24. Rxd1 Ne6 25. a4 Rd8 26. Re1 Kd7 27. f3 Ke7 28. Bxe6 fxe6 29. Re3 0-1

[Event "Roncana op-A 7th"]
[Site "Santa Eulalia de Roncana"]
[Date "2013.10.05"]
[Round "1"]
[White "Rojano Cano, Francisco Jose"]
[Black "Valero Soler, Jaume"]
[Result "1-0"]
[WhiteElo "2162"]
[BlackElo "1794"]
[PlyCount "63"]
[EventDate "2013.10.05"]
[EventType "swiss"]
[EventRounds "8"]
[EventCountry "ESP"]
[SourceTitle "CBM 157 Extra"]
[Source "ChessBase"]
[SourceDate "2013.12.19"]
[SourceVersion "1"]
[SourceVersionDate "2013.12.19"]
[SourceQuality "1"]

1. e4 e6 2. d4 d5 3. Nc3 dxe4 4. Nxe4 Nd7 5. Nf3 Ngf6 6. Nxf6+ Nxf6 7. Bd3 c5 8. 0-0 cxd4 9. Bg5 Qc7 10. Nxd4 a6 11. Re1 Be7 12. Qf3 Bd7 13. Bf4 Qb6 14. Be5 Bb5 15. Nxb5 axb5 16. Qe2 0-0 17. Bxb5 Rac8 18. Bd3 Qb4 19. a3 Qh4 20. Rad1 Rfd8 21. Bg3 Qg5 22. Qf3 b6 23. Re5 Qg4 24. Qxg4 Nxg4 25. Rb5 Bc5 26. h3 Nf6 27. Re1 Nh5 28. b4 Nxg3 29. bxc5 Nf5 30. Bxf5 exf5 31. cxb6 Rb8 32. c4 1-0

[Event "Vall del Tenes op 2nd"]
[Site "Vall del Tenes"]
[Date "2013.05.24"]
[Round "7"]
[White "Rodriguez Martinez, Juan P"]
[Black "Valero Soler, Jaume"]
[Result "1-0"]
[WhiteElo "1946"]
[BlackElo "1787"]
[PlyCount "87"]
[EventDate "2013.04.05"]
[EventType "swiss"]
[EventRounds "8"]
[EventCountry "ESP"]
[SourceTitle "EXT 2014"]
[Source "ChessBase"]
[SourceDate "2013.11.20"]
[SourceVersion "1"]
[SourceVersionDate "2013.11.20"]
[SourceQuality "1"]

1. d4 g6 2. Nf3 c6 3. Bf4 d6 4. e3 Bg7 5. Bc4 Nf6 6. h3 0-0 7. 0-0 Nbd7 8. a4 Qa5 9. Nbd2 e5 10. dxe5 Nxe5 11. c3 Nfd7 12. Nb3 Qc7 13. Be2 Nxf3+ 14. Bxf3 Ne5 15. Be2 Qe7 16. Qd2 Be6 17. Nd4 Nc4 18. Qc2 Bd5 19. Rfd1 Rfe8 20. a5 Be4 21. Qb3 Ne5 22. f3 Bd5 23. c4 Be6 24. Nxe6 fxe6 25. e4 Rad8 26. Rd2 Rf8 27. Qe3 Ra8 28. Rad1 Rfd8 29. Bg5 Bf6 30. Bxf6 Qxf6 31. Rxd6 Rxd6 32. Rxd6 Nf7 33. Rd2 e5 34. Rd7 Nd6 35. Qc5 Rd8 36. Rxd8+ Qxd8 37. Qxe5 Nf7 38. Qc3 Qc7 39. c5 b5 40. axb6 axb6 41. cxb6 Qxb6+ 42. Kf1 Qc7 43. Bc4 Qd6 44. Qb3 1-0

[Event "Vall del Tenes op 2nd"]
[Site "Vall del Tenes"]
[Date "2013.04.12"]
[Round "2"]
[White "Valero Soler, Jaume"]
[Black "Soler Colomer, Joan"]
[Result "1-0"]
[WhiteElo "1787"]
[BlackElo "1568"]
[PlyCount "53"]
[EventDate "2013.04.05"]
[EventType "swiss"]
[EventRounds "8"]
[EventCountry "ESP"]
[SourceTitle "EXT 2014"]
[Source "ChessBase"]
[SourceDate "2013.11.20"]
[SourceVersion "1"]
[SourceVersionDate "2013.11.20"]
[SourceQuality "1"]

1. e4 d5 2. exd5 Qxd5 3. Nc3 Qa5 4. d4 c6 5. Bd2 Qb6 6. Bc4 Qxd4 7. Qe2 Nf6 8. Nf3 Qd6 9. 0-0-0 Qc7 10. Ng5 e6 11. g3 h6 12. Bf4 Qe7 13. Bd6 Qxd6 14. Rxd6 Bxd6 15. Nge4 Nxe4 16. Nxe4 Bc7 17. Rd1 Ke7 18. Qg4 Rg8 19. Qh4+ Ke8 20. Qg4 Kf8 21. Nd6 Bxd6 22. Rxd6 Nd7 23. Qd4 Ke7 24. f4 Nf6 25. Qc5 Ne4 26. Rxe6+ Kd8 27. Qe7# 1-0